[Event "Stay Safe Play From Home 380"]
[Site "Emanuel Lasker Arena"]
[Date "2020.08.13"]
[Round "7"]
[White "Broken sword"]
[Black "IceQueen"]
[Result "1-0"]
[WhiteElo "2481"]
[BlackElo "2306"]
[PlyCount "137"]
[EventDate "2020.08.13"]
[EventType "swiss (blitz)"]

1. e4 {[%emt 0:00:01]} d6 {[%emt 0:00:00]} 2. d4 {[%emt 0:00:01]} Nf6 {[%emt 0:00:00]} 3. Nc3 {[%emt 0:00:00]} g6 {[%emt 0:00:00]} 4. Be3 {[%emt 0:00:00]} b6 {[%emt 0:00:01]} 5. Qd2 {[%emt 0:00:00]} c5 {[%emt 0:00:01]} 6. f3 {[%emt 0:00:00]} Bb7 {[%emt 0:00:01]} 7. Nge2 {[%emt 0:00:01]} Nc6 {[%emt 0:00:00]} 8. h4 {[%emt 0:00:02]} Na5 {[%emt 0:00:01]} 9. Ng3 {[%emt 0:00:02]} h5 {[%emt 0:00:01]} 10. d5 {[%emt 0:00:01]} Bg7 {[%emt 0:00:02]} 11. a3 {[%emt 0:00:00]} Bc8 {[%emt 0:00:02]} 12. Bb5+ {[%emt 0:00:02]} Bd7 {[%emt 0:00:01]} 13. a4 {[%emt 0:00:02]} Bxb5 {[%emt 0:00:01]} 14. axb5 {[%emt 0:00:00]} Nc4 {[%emt 0:00:01]} 15. Qe2 {[%emt 0:00:00]} Nxb2 {[%emt 0:00:01]} 16. Bc1 {[%emt 0:00:01]} O-O {[%emt 0:00:05]} 17. Bxb2 {[%emt 0:00:01]} Re8 {[%emt 0:00:00]} 18. O-O {[%emt 0:00:01]} e6 {[%emt 0:00:00]} 19. Rad1 {[%emt 0:00:01]} Nh7 {[%emt 0:00:02]} 20. Ba1 {[%emt 0:00:02]} Bd4+ {[%emt 0:00:01]} 21. Rf2 {[%emt 0:00:03]} Qxh4 {[%emt 0:00:00]} 22. Nh1 {[%emt 0:00:01]} Ng5 {[%emt 0:00:02]} 23. Na4 {[%emt 0:00:03]} Bxf2+ {[%emt 0:00:02]} 24. Qxf2 {[%emt 0:00:01]} Qxf2+ {[%emt 0:00:01]} 25. Nxf2 {[%emt 0:00:00]} exd5 {[%emt 0:00:00]} 26. Rxd5 {[%emt 0:00:01]} Ne6 {[%emt 0:00:04]} 27. Bb2 {[%emt 0:00:01]} Rad8 {[%emt 0:00:01]} 28. c4 {[%emt 0:00:01]} Nc7 {[%emt 0:00:00]} 29. Rd3 {[%emt 0:00:01]} Ne6 {[%emt 0:00:00]} 30. Nc3 {[%emt 0:00:01]} Nf4 {[%emt 0:00:00]} 31. Rd2 {[%emt 0:00:01]} Re7 {[%emt 0:00:01]} 32. Nd5 {[%emt 0:00:00]} Nxd5 {[%emt 0:00:01]} 33. Rxd5 {[%emt 0:00:00]} Red7 {[%emt 0:00:01]} 34. Nd3 {[%emt 0:00:01]} Kf8 {[%emt 0:00:02]} 35. Kf1 {[%emt 0:00:01]} Ke7 {[%emt 0:00:00]} 36. Nf4 {[%emt 0:00:01]} Ra8 {[%emt 0:00:00]} 37. Rd3 {[%emt 0:00:02]} a6 {[%emt 0:00:01]} 38. bxa6 {[%emt 0:00:00]} Rxa6 {[%emt 0:00:00]} 39. Nd5+ {[%emt 0:00:00]} Kd8 {[%emt 0:00:01]} 40. Bf6+ {[%emt 0:00:01]} Kc8 {[%emt 0:00:01]} 41. Kg1 {[%emt 0:00:00]} Kb7 {[%emt 0:00:01]} 42. Rb3 {[%emt 0:00:01]} Kc6 {[%emt 0:00:04]} 43. Bg5 {[%emt 0:00:01]} Rb7 {[%emt 0:00:00]} 44. Nc3 {[%emt 0:00:01]} Ra1+ {[%emt 0:00:02]} 45. Kh2 {[%emt 0:00:01]} Ra5 {[%emt 0:00:01]} 46. Nb5 {[%emt 0:00:01]} Rb8 {[%emt 0:00:01]} 47. Bf4 {[%emt 0:00:00]} Rxb5 {[%emt 0:00:02]} 48. Rxb5 {[%emt 0:00:01]} Rb7 {[%emt 0:00:01]} 49. Rb3 {[%emt 0:00:01]} Rd7 {[%emt 0:00:00]} 50. Rd3 {[%emt 0:00:01]} f6 {[%emt 0:00:00]} 51. Bg3 {[%emt 0:00:01]} g5 {[%emt 0:00:00]} 52. Kh3 {[%emt 0:00:01]} h4 {[%emt 0:00:00]} 53. Bh2 {[%emt 0:00:00]} Rd8 {[%emt 0:00:01]} 54. Kg4 {[%emt 0:00:00]} Rd7 {[%emt 0:00:00]} 55. Kf5 {[%emt 0:00:00]} b5 {[%emt 0:00:00]} 56. cxb5+ {[%emt 0:00:01]} Kxb5 {[%emt 0:00:00]} 57. Ke6 {[%emt 0:00:00]} Rd8 {[%emt 0:00:01]} 58. Kxf6 {[%emt 0:00:01]} Rc8 {[%emt 0:00:01]} 59. Rxd6 {[%emt 0:00:01]} c4 {[%emt 0:00:00]} 60. Rd1 {[%emt 0:00:00]} Rc6+ {[%emt 0:00:01]} 61. Kxg5 {[%emt 0:00:01]} c3 {[%emt 0:00:00]} 62. Rc1 {[%emt 0:00:00]} Kc4 {[%emt 0:00:00]} 63. Kxh4 {[%emt 0:00:00]} Kb3 {[%emt 0:00:00]} 64. Bf4 {[%emt 0:00:00]} Kb2 {[%emt 0:00:01]} 65. Kg3 {[%emt 0:00:00]} c2 {[%emt 0:00:00]} 66. Kf2 {[%emt 0:00:01]} Rg6 {[%emt 0:00:00]} 67. Re1 {[%emt 0:00:01]} Rc6 {[%emt 0:00:00]} 68. Bc1+ {[%emt 0:00:00]} Kb1 {[%emt 0:00:01]} 69. g3 {[%emt 0:00:00] Time Time Time (Lag: Av=0.34s, max=0.9s) (Lag: Av=0.34s, max=0.9s) (Lag: Av=0.34s, max=0.9s)} 1-0

[Event "Stay Safe Play From Home 380"]
[Site "Emanuel Lasker Arena"]
[Date "2020.08.13"]
[Round "7"]
[White "AChessPlayer"]
[Black "Batabat1955"]
[Result "1-0"]
[WhiteElo "2446"]
[BlackElo "1957"]
[Annotator "NA"]
[PlyCount "85"]
[EventDate "2020.08.13"]
[EventType "swiss (blitz)"]

1. Nf3 {[%emt 0:00:01]} e6 {[%emt 0:00:01]} 2. b3 {[%emt 0:00:01]} d5 {[%emt 0:00:00]} 3. Bb2 {[%emt 0:00:00]} Nf6 {[%emt 0:00:00]} 4. e3 {[%emt 0:00:00]} g6 {[%emt 0:00:00]} 5. d4 {[%emt 0:00:01]} Bg7 {[%emt 0:00:01]} 6. Bd3 {[%emt 0:00:00]} O-O {[%emt 0:00:00]} 7. O-O {[%emt 0:00:00]} c5 {[%emt 0:00:01]} 8. c4 {[%emt 0:00:00]} cxd4 {[%emt 0:00:00]} 9. exd4 {[%emt 0:00:00]} Nc6 {[%emt 0:00:02]} 10. Nbd2 {[%emt 0:00:01]} Re8 {[%emt 0:00:01]} 11. Qe2 {[%emt 0:00:01]} Bd7 {[%emt 0:00:01]} 12. Rac1 {[%emt 0:00:01]} Ne7 {[%emt 0:00:01]} 13. Bb1 {[%emt 0:00:01]} Rc8 {[%emt 0:00:01]} 14. Ne5 {[%emt 0:00:00]} dxc4 {[%emt 0:00:02]} 15. bxc4 {[%emt 0:00:01]} Nf5 {[%emt 0:00:01]} 16. Rfd1 {[%emt 0:00:01]} Bc6 {[%emt 0:00:01]} 17. Nxc6 {[%emt 0:00:02]} bxc6 {[%emt 0:00:00]} 18. Nf3 {[%emt 0:00:00]} Qc7 {[%emt 0:00:01]} 19. h3 {[%emt 0:00:02]} a5 {[%emt 0:00:04]} 20. Bc3 {[%emt 0:00:01]} Rb8 {[%emt 0:00:02]} 21. Ne5 {[%emt 0:00:03]} Nd6 {[%emt 0:00:03]} 22. Bc2 {[%emt 0:00:04]} c5 {[%emt 0:00:01]} 23. Ba4 {[%emt 0:00:01]} Red8 {[%emt 0:00:01]} 24. d5 {[%emt 0:00:01]} Nde4 {[%emt 0:00:03]} 25. Ba1 {[%emt 0:00:03]} exd5 {[%emt 0:00:01]} 26. cxd5 {[%emt 0:00:00]} Rb4 {[%emt 0:00:02]} 27. Bc2 {[%emt 0:00:04]} Nd6 {[%emt 0:00:03]} 28. Nc6 {[%emt 0:00:01]} Rdb8 {[%emt 0:00:01]} 29. Nxb8 {[%emt 0:00:01]} Rxb8 {[%emt 0:00:01]} 30. Be5 {[%emt 0:00:00]} Rd8 {[%emt 0:00:02]} 31. f4 {[%emt 0:00:02]} Qb7 {[%emt 0:00:03]} 32. Qf3 {[%emt 0:00:01]} Nh5 {[%emt 0:00:02]} 33. Bxg7 {[%emt 0:00:02]} Nxg7 {[%emt 0:00:00]} 34. Re1 {[%emt 0:00:01]} h5 {[%emt 0:00:01]} 35. Rcd1 {[%emt 0:00:00]} Qb2 {[%emt 0:00:03]} 36. Qb3 {[%emt 0:00:02]} Qf6 {[%emt 0:00:02]} 37. Qe3 {[%emt 0:00:01]} Ndf5 {[%emt 0:00:01]} 38. Qxc5 {[%emt 0:00:02]} Ng3 {[%emt 0:00:04]} 39. Bd3 {[%emt 0:00:01]} N7f5 {[%emt 0:00:01]} 40. Bb5 {[%emt 0:00:01]} h4 {[%emt 0:00:01]} 41. d6 {[%emt 0:00:01]} Nh5 {[%emt 0:00:01]} 42. d7 {[%emt 0:00:01]} Kg7 {[%emt 0:00:01]} 43. Re8 {[%emt 0:00:01] Time Time Time (Lag: Av=0.54s, max=1.3s) (Lag: Av=0.54s, max=1.3s) (Lag: Av=0.54s, max=1.3s)} 1-0

[Event "Stay Safe Play From Home 380"]
[Site "Emanuel Lasker Arena"]
[Date "2020.08.13"]
[Round "7"]
[White "TheCHESSHOUSE"]
[Black "Padmaesh M K"]
[Result "1-0"]
[WhiteElo "2035"]
[BlackElo "1856"]
[PlyCount "48"]
[EventDate "2020.08.13"]
[EventType "swiss (blitz)"]

1. d4 {[%emt 0:00:02]} e6 {[%emt 0:00:01]} 2. c4 {[%emt 0:00:01]} d5 {[%emt 0:00:00]} 3. e3 {[%emt 0:00:01]} Nf6 {[%emt 0:00:01]} 4. Nc3 {[%emt 0:00:01]} b6 {[%emt 0:00:00]} 5. Nf3 {[%emt 0:00:00]} Ba6 {[%emt 0:00:01]} 6. cxd5 {[%emt 0:00:01]} Bxf1 {[%emt 0:00:01]} 7. Kxf1 {[%emt 0:00:00]} exd5 {[%emt 0:00:01]} 8. g3 {[%emt 0:00:00]} Bd6 {[%emt 0:00:00]} 9. Kg2 {[%emt 0:00:00]} Nc6 {[%emt 0:00:01]} 10. Re1 {[%emt 0:00:02]} O-O {[%emt 0:00:01]} 11. e4 {[%emt 0:00:00]} Nxe4 {[%emt 0:00:01]} 12. Nxe4 {[%emt 0:00:00]} dxe4 {[%emt 0:00:00]} 13. Rxe4 {[%emt 0:00:00]} Re8 {[%emt 0:00:00]} 14. Rg4 {[%emt 0:00:01]} Qf6 {[%emt 0:00:05]} 15. Bg5 {[%emt 0:00:02]} Qf5 {[%emt 0:00:01]} 16. h3 {[%emt 0:00:03]} Rad8 {[%emt 0:00:05]} 17. Bxd8 {[%emt 0:00:01]} Rxd8 {[%emt 0:00:00]} 18. Rc1 {[%emt 0:00:02]} Nb4 {[%emt 0:00:01]} 19. a3 {[%emt 0:00:01]} Nd3 {[%emt 0:00:01]} 20. Rc3 {[%emt 0:00:01]} h5 {[%emt 0:00:04]} 21. Rg5 {[%emt 0:00:01]} Qe4 {[%emt 0:00:03]} 22. Qxd3 {[%emt 0:00:02]} Qxd3 {[%emt 0:00:03]} 23. Rxd3 {[%emt 0:00:00]} f6 {[%emt 0:00:00]} 24. Rxh5 {[%emt 0:00:01]} g6 {[%emt 0:00:01] Padmaesh M K resigns Padmaesh M K resigns Padmaesh M K resigns (Lag: Av=1.11s, max=1.7s) (Lag: Av=1.11s, max=1.7s) (Lag: Av=1.11s, max=1.7s)} 1-0

[Event "Stay Safe Play From Home 380"]
[Site "Emanuel Lasker Arena"]
[Date "2020.08.13"]
[Round "7"]
[White "Fischer_11"]
[Black "Yuriko"]
[Result "0-1"]
[WhiteElo "1981"]
[BlackElo "2052"]
[Annotator "NA"]
[PlyCount "76"]
[EventDate "2020.08.13"]
[EventType "swiss (blitz)"]

1. e4 {[%emt 0:00:04]} c5 {[%emt 0:00:01]} 2. c3 {[%emt 0:00:01]} e6 {[%emt 0:00:01]} 3. d4 {[%emt 0:00:01]} a6 {[%emt 0:00:00]} 4. f4 {[%emt 0:00:01]} cxd4 {[%emt 0:00:01]} 5. Nf3 {[%emt 0:00:00]} d6 {[%emt 0:00:00]} 6. cxd4 {[%emt 0:00:01]} Be7 {[%emt 0:00:01]} 7. Nc3 {[%emt 0:00:00]} Nf6 {[%emt 0:00:00]} 8. Bd3 {[%emt 0:00:00]} Qc7 {[%emt 0:00:01]} 9. O-O {[%emt 0:00:00]} b5 {[%emt 0:00:00]} 10. Be3 {[%emt 0:00:01]} b4 {[%emt 0:00:01]} 11. Na4 {[%emt 0:00:03]} Bd7 {[%emt 0:00:01]} 12. Rc1 {[%emt 0:00:01]} Qa5 {[%emt 0:00:01]} 13. b3 {[%emt 0:00:01]} Nc6 {[%emt 0:00:01]} 14. e5 {[%emt 0:00:03]} dxe5 {[%emt 0:00:02]} 15. dxe5 {[%emt 0:00:00]} Nd5 {[%emt 0:00:01]} 16. Bd2 {[%emt 0:00:02]} Rd8 {[%emt 0:00:02]} 17. Qe2 {[%emt 0:00:02]} Ra8 {[%emt 0:00:02]} 18. Ng5 {[%emt 0:00:04]} h6 {[%emt 0:00:01]} 19. Qh5 {[%emt 0:00:04]} O-O {[%emt 0:00:06]} 20. Nxf7 {[%emt 0:00:05]} Rxf7 {[%emt 0:00:01]} 21. Qg6 {[%emt 0:00:01]} Kf8 {[%emt 0:00:03]} 22. f5 {[%emt 0:00:02]} exf5 {[%emt 0:00:01]} 23. e6 {[%emt 0:00:01]} Rf6 {[%emt 0:00:03]} 24. Rxf5 {[%emt 0:00:06]} Bxe6 {[%emt 0:00:02]} 25. Rxc6 {[%emt 0:00:06]} Bxf5 {[%emt 0:00:02]} 26. Rxf6+ {[%emt 0:00:03]} Bxf6 {[%emt 0:00:01]} 27. Qxf5 {[%emt 0:00:01]} Re8 {[%emt 0:00:07]} 28. Be4 {[%emt 0:00:01]} Rd8 {[%emt 0:00:01]} 29. Bf4 {[%emt 0:00:02]} Qb5 {[%emt 0:00:02]} 30. Bxd5 {[%emt 0:00:01]} Rxd5 {[%emt 0:00:02]} 31. Kf2 {[%emt 0:00:00]} Rxf5 {[%emt 0:00:01]} 32. g3 {[%emt 0:00:00]} Rxf4+ {[%emt 0:00:01]} 33. gxf4 {[%emt 0:00:01]} Qf5 {[%emt 0:00:01]} 34. Kg3 {[%emt 0:00:00]} Qc2 {[%emt 0:00:00]} 35. Nc5 {[%emt 0:00:00]} Qxa2 {[%emt 0:00:00]} 36. Kg4 {[%emt 0:00:00]} Qc2 {[%emt 0:00:01]} 37. Ne6+ {[%emt 0:00:00]} Ke7 {[%emt 0:00:01]} 38. f5 {[%emt 0:00:00]} Qxb3 {[%emt 0:00:00] Zeit Zeit Zeit (Lag: Av=0.32s, max=0.9s) (Lag: Av=0.32s, max=0.9s) (Lag: Av=0.32s, max=0.9s)} 0-1

[Event "Stay Safe Play From Home 380"]
[Site "Emanuel Lasker Arena"]
[Date "2020.08.13"]
[Round "7"]
[White "Ao017545"]
[Black "SelamiSahin"]
[Result "0-1"]
[WhiteElo "1621"]
[BlackElo "2117"]
[Annotator "NA"]
[PlyCount "130"]
[EventDate "2020.08.13"]
[EventType "swiss (blitz)"]

{- Yarar, Atakan} 1. e4 {[%emt 0:00:02]} c6 {[%emt 0:00:01]} 2. Nf3 {[%emt 0:00:00]} d5 {[%emt 0:00:00]} 3. Nc3 {[%emt 0:00:00]} Bg4 {[%emt 0:00:02]} 4. Be2 {[%emt 0:00:02]} e6 {[%emt 0:00:01]} 5. exd5 {[%emt 0:00:04]} cxd5 {[%emt 0:00:00]} 6. d4 {[%emt 0:00:01]} Nc6 {[%emt 0:00:01]} 7. Bg5 {[%emt 0:00:01]} Qa5 {[%emt 0:00:02]} 8. Bd2 {[%emt 0:00:02]} Bb4 {[%emt 0:00:01]} 9. a3 {[%emt 0:00:02]} Bxc3 {[%emt 0:00:01]} 10. Bxc3 {[%emt 0:00:00]} Qb6 {[%emt 0:00:00]} 11. Ne5 {[%emt 0:00:02]} Bxe2 {[%emt 0:00:02]} 12. Qxe2 {[%emt 0:00:01]} Nxe5 {[%emt 0:00:01]} 13. Qxe5 {[%emt 0:00:00]} Nf6 {[%emt 0:00:01]} 14. Bb4 {[%emt 0:00:05]} a5 {[%emt 0:00:01]} 15. Bc5 {[%emt 0:00:02]} Qc6 {[%emt 0:00:01]} 16. Qd6 {[%emt 0:00:02]} Qxd6 {[%emt 0:00:01]} 17. Bxd6 {[%emt 0:00:01]} Kd7 {[%emt 0:00:00]} 18. Be5 {[%emt 0:00:02]} Rac8 {[%emt 0:00:01]} 19. Bxf6 {[%emt 0:00:01]} gxf6 {[%emt 0:00:00]} 20. c3 {[%emt 0:00:01]} b5 {[%emt 0:00:01]} 21. Rb1 {[%emt 0:00:00]} Rhg8 {[%emt 0:00:01]} 22. O-O {[%emt 0:00:02]} b4 {[%emt 0:00:00]} 23. g3 {[%emt 0:00:00]} bxc3 {[%emt 0:00:05]} 24. bxc3 {[%emt 0:00:03]} Rxc3 {[%emt 0:00:00]} 25. Rfc1 {[%emt 0:00:00]} Rgc8 {[%emt 0:00:02]} 26. Rxc3 {[%emt 0:00:01]} Rxc3 {[%emt 0:00:00]} 27. Rb7+ {[%emt 0:00:00]} Rc7 {[%emt 0:00:01]} 28. Rxc7+ {[%emt 0:00:01]} Kxc7 {[%emt 0:00:01]} 29. f4 {[%emt 0:00:00]} a4 {[%emt 0:00:01]} 30. Kf2 {[%emt 0:00:00]} Kb6 {[%emt 0:00:00]} 31. Ke3 {[%emt 0:00:00]} Kb5 {[%emt 0:00:00]} 32. Kd3 {[%emt 0:00:00]} h5 {[%emt 0:00:04]} 33. Kc3 {[%emt 0:00:00]} Ka5 {[%emt 0:00:03]} 34. h4 {[%emt 0:00:00]} f5 {[%emt 0:00:03]} 35. Kd3 {[%emt 0:00:00]} f6 {[%emt 0:00:01]} 36. Kc3 {[%emt 0:00:00]} Kb5 {[%emt 0:00:01]} 37. Kd3 {[%emt 0:00:02]} Kc6 {[%emt 0:00:01]} 38. Kc3 {[%emt 0:00:01]} Kd6 {[%emt 0:00:00]} 39. Kb4 {[%emt 0:00:00]} e5 {[%emt 0:00:00]} 40. fxe5+ {[%emt 0:00:02]} fxe5 {[%emt 0:00:00]} 41. dxe5+ {[%emt 0:00:01]} Kxe5 {[%emt 0:00:00]} 42. Kxa4 {[%emt 0:00:00]} Kd4 {[%emt 0:00:00]} 43. Kb3 {[%emt 0:00:00]} Ke3 {[%emt 0:00:01]} 44. Kc2 {[%emt 0:00:02]} Ke2 {[%emt 0:00:01]} 45. a4 {[%emt 0:00:01]} d4 {[%emt 0:00:01]} 46. a5 {[%emt 0:00:00]} d3+ {[%emt 0:00:00]} 47. Kb3 {[%emt 0:00:02]} d2 {[%emt 0:00:00]} 48. a6 {[%emt 0:00:04]} d1=Q+ {[%emt 0:00:00]} 49. Kb4 {[%emt 0:00:00]} Qd6+ {[%emt 0:00:01]} 50. Kb5 {[%emt 0:00:00]} Qxg3 {[%emt 0:00:01]} 51. Ka5 {[%emt 0:00:00]} Qxh4 {[%emt 0:00:01]} 52. Kb6 {[%emt 0:00:00]} Qd8+ {[%emt 0:00:01]} 53. Ka7 {[%emt 0:00:01]} f4 {[%emt 0:00:00]} 54. Kb7 {[%emt 0:00:01]} f3 {[%emt 0:00:00]} 55. a7 {[%emt 0:00:00]} f2 {[%emt 0:00:00]} 56. a8=Q {[%emt 0:00:00]} Qxa8+ {[%emt 0:00:00]} 57. Kxa8 {[%emt 0:00:00]} f1=Q {[%emt 0:00:00]} 58. Kb7 {[%emt 0:00:00]} h4 {[%emt 0:00:00]} 59. Kc7 {[%emt 0:00:00]} h3 {[%emt 0:00:00]} 60. Kd6 {[%emt 0:00:00]} h2 {[%emt 0:00:00]} 61. Kc5 {[%emt 0:00:00]} h1=Q {[%emt 0:00:00]} 62. Kd4 {[%emt 0:00:00]} Qd1+ {[%emt 0:00:00]} 63. Ke5 {[%emt 0:00:00]} Qf3 {[%emt 0:00:00]} 64. Ke6 {[%emt 0:00:01]} Qdd5+ {[%emt 0:00:01]} 65. Ke7 {[%emt 0:00:00]} Qff7# {[%emt 0:00:00] (Lag: Av=0.72s, max=2.6s) (Lag: Av=0.72s, max=2.6s) (Lag: Av=0.72s, max=2.6s)} 0-1

[Event "Stay Safe Play From Home 380"]
[Site "Emanuel Lasker Arena"]
[Date "2020.08.13"]
[Round "8"]
[White "Lamborghini"]
[Black "AChessPlayer"]
[Result "0-1"]
[WhiteElo "2323"]
[BlackElo "2448"]
[PlyCount "80"]
[EventDate "2020.08.13"]
[EventType "swiss (blitz)"]

1. e4 {[%emt 0:00:01]} d6 {[%emt 0:00:01]} 2. d4 {[%emt 0:00:01]} Nd7 {[%emt 0:00:00]} 3. Nc3 {[%emt 0:00:00]} g6 {[%emt 0:00:00]} 4. g4 {[%emt 0:00:01]} h6 {[%emt 0:00:01]} 5. h4 {[%emt 0:00:01]} Bg7 {[%emt 0:00:00]} 6. f4 {[%emt 0:00:01]} c5 {[%emt 0:00:01]} 7. Nf3 {[%emt 0:00:01]} cxd4 {[%emt 0:00:01]} 8. Nxd4 {[%emt 0:00:01]} Ndf6 {[%emt 0:00:02]} 9. Be2 {[%emt 0:00:01]} h5 {[%emt 0:00:01]} 10. g5 {[%emt 0:00:01]} Ng4 {[%emt 0:00:00]} 11. f5 {[%emt 0:00:01]} Be5 {[%emt 0:00:01]} 12. Bxg4 {[%emt 0:00:02]} hxg4 {[%emt 0:00:00]} 13. Be3 {[%emt 0:00:01]} Bg3+ {[%emt 0:00:01]} 14. Kf1 {[%emt 0:00:02]} Be5 {[%emt 0:00:06]} 15. Qxg4 {[%emt 0:00:02]} Bd7 {[%emt 0:00:03]} 16. Rd1 {[%emt 0:00:02]} Qa5 {[%emt 0:00:01]} 17. Kg2 {[%emt 0:00:04]} Rc8 {[%emt 0:00:01]} 18. Nb3 {[%emt 0:00:01]} Qd8 {[%emt 0:00:03]} 19. Bd4 {[%emt 0:00:01]} f6 {[%emt 0:00:05]} 20. Bxe5 {[%emt 0:00:02]} fxe5 {[%emt 0:00:01]} 21. Qf3 {[%emt 0:00:01]} gxf5 {[%emt 0:00:02]} 22. exf5 {[%emt 0:00:01]} Rxc3 {[%emt 0:00:01]} 23. bxc3 {[%emt 0:00:01]} Bc6 {[%emt 0:00:01]} 24. Rd5 {[%emt 0:00:02]} Qd7 {[%emt 0:00:02]} 25. Rhd1 {[%emt 0:00:02]} Rh7 {[%emt 0:00:02]} 26. Nc5 {[%emt 0:00:01]} Qc8 {[%emt 0:00:01]} 27. Ne6 {[%emt 0:00:01]} Rxh4 {[%emt 0:00:01]} 28. Kg3 {[%emt 0:00:02]} Rh8 {[%emt 0:00:02]} 29. Qg4 {[%emt 0:00:02]} Bxd5 {[%emt 0:00:01]} 30. Rxd5 {[%emt 0:00:01]} Qxc3+ {[%emt 0:00:01]} 31. Rd3 {[%emt 0:00:00]} Qxc2 {[%emt 0:00:01]} 32. Kf3 {[%emt 0:00:05]} Qxd3+ {[%emt 0:00:02]} 33. Kg2 {[%emt 0:00:02]} Qd2+ {[%emt 0:00:01]} 34. Kf3 {[%emt 0:00:02]} Rh2 {[%emt 0:00:02]} 35. Qa4+ {[%emt 0:00:02]} Kf7 {[%emt 0:00:02]} 36. g6+ {[%emt 0:00:02]} Kf6 {[%emt 0:00:01]} 37. Qh4+ {[%emt 0:00:01]} Rxh4 {[%emt 0:00:01]} 38. Nf4 {[%emt 0:00:01]} Rxf4+ {[%emt 0:00:01]} 39. Kg3 {[%emt 0:00:02]} Qf2+ {[%emt 0:00:00]} 40. Kh3 {[%emt 0:00:01]} Rh4# {[%emt 0:00:00] (Lag: Av=0.48s, max=0.7s) (Lag: Av=0.48s, max=0.7s) (Lag: Av=0.48s, max=0.7s)} 0-1

[Event "Stay Safe Play From Home 380"]
[Site "Emanuel Lasker Arena"]
[Date "2020.08.13"]
[Round "8"]
[White "IceQueen"]
[Black "Fischer_11"]
[Result "0-1"]
[WhiteElo "2297"]
[BlackElo "1968"]
[Annotator "NA"]
[PlyCount "140"]
[EventDate "2020.08.13"]
[EventType "swiss (blitz)"]

1. Nf3 {[%emt 0:00:01]} Nf6 {[%emt 0:00:01]} 2. c4 {[%emt 0:00:00]} g6 {[%emt 0:00:00]} 3. e3 {[%emt 0:00:00]} Bg7 {[%emt 0:00:00]} 4. Be2 {[%emt 0:00:00]} O-O {[%emt 0:00:00]} 5. O-O {[%emt 0:00:00]} c6 {[%emt 0:00:00]} 6. Nc3 {[%emt 0:00:00]} d5 {[%emt 0:00:00]} 7. cxd5 {[%emt 0:00:01]} cxd5 {[%emt 0:00:00]} 8. d4 {[%emt 0:00:00]} Nc6 {[%emt 0:00:00]} 9. a4 {[%emt 0:00:00]} Bg4 {[%emt 0:00:01]} 10. b3 {[%emt 0:00:01]} Bxf3 {[%emt 0:00:00]} 11. Bxf3 {[%emt 0:00:00]} e6 {[%emt 0:00:00]} 12. Ba3 {[%emt 0:00:01]} a6 {[%emt 0:00:00]} 13. Bxf8 {[%emt 0:00:01]} Bxf8 {[%emt 0:00:00]} 14. Rc1 {[%emt 0:00:00]} Rc8 {[%emt 0:00:00]} 15. Ne2 {[%emt 0:00:02]} Qd7 {[%emt 0:00:01]} 16. Nf4 {[%emt 0:00:02]} Kg7 {[%emt 0:00:01]} 17. Nd3 {[%emt 0:00:01]} Bd6 {[%emt 0:00:01]} 18. Nc5 {[%emt 0:00:01]} Qe7 {[%emt 0:00:02]} 19. Qe2 {[%emt 0:00:01]} Rc7 {[%emt 0:00:01]} 20. Rc2 {[%emt 0:00:01]} Nb4 {[%emt 0:00:01]} 21. Rcc1 {[%emt 0:00:01]} Bxc5 {[%emt 0:00:01]} 22. dxc5 {[%emt 0:00:00]} Rxc5 {[%emt 0:00:00]} 23. Rxc5 {[%emt 0:00:00]} Qxc5 {[%emt 0:00:00]} 24. h4 {[%emt 0:00:01]} Nd7 {[%emt 0:00:01]} 25. h5 {[%emt 0:00:01]} Ne5 {[%emt 0:00:01]} 26. g3 {[%emt 0:00:05]} Qc2 {[%emt 0:00:04]} 27. Qxc2 {[%emt 0:00:05]} Nxc2 {[%emt 0:00:00]} 28. Bd1 {[%emt 0:00:02]} Nb4 {[%emt 0:00:03]} 29. Kg2 {[%emt 0:00:01]} Nec6 {[%emt 0:00:07]} 30. Be2 {[%emt 0:00:01]} Kf6 {[%emt 0:00:02]} 31. Rc1 {[%emt 0:00:02]} e5 {[%emt 0:00:01]} 32. f4 {[%emt 0:00:02]} Ke6 {[%emt 0:00:02]} 33. h6 {[%emt 0:00:02]} f5 {[%emt 0:00:01]} 34. g4 {[%emt 0:00:01]} exf4 {[%emt 0:00:02]} 35. exf4 {[%emt 0:00:00]} d4 {[%emt 0:00:01]} 36. Bf3 {[%emt 0:00:01]} fxg4 {[%emt 0:00:01]} 37. Bxg4+ {[%emt 0:00:01]} Kd5 {[%emt 0:00:01]} 38. Re1 {[%emt 0:00:00]} d3 {[%emt 0:00:01]} 39. Bf3+ {[%emt 0:00:00]} Kd4 {[%emt 0:00:01]} 40. Bxc6 {[%emt 0:00:06]} Nxc6 {[%emt 0:00:02]} 41. Kf3 {[%emt 0:00:00]} d2 {[%emt 0:00:01]} 42. Rd1 {[%emt 0:00:01]} Kd3 {[%emt 0:00:00]} 43. Kf2 {[%emt 0:00:03]} Nd4 {[%emt 0:00:01]} 44. b4 {[%emt 0:00:01]} b5 {[%emt 0:00:03]} 45. axb5 {[%emt 0:00:01]} axb5 {[%emt 0:00:00]} 46. f5 {[%emt 0:00:00]} Nxf5 {[%emt 0:00:01]} 47. Rg1 {[%emt 0:00:01]} Kc2 {[%emt 0:00:02]} 48. Ke2 {[%emt 0:00:00]} Nd4+ {[%emt 0:00:01]} 49. Ke3 {[%emt 0:00:00]} d1=Q {[%emt 0:00:00]} 50. Rxd1 {[%emt 0:00:01]} Kxd1 {[%emt 0:00:00]} 51. Kxd4 {[%emt 0:00:00]} Kc2 {[%emt 0:00:00]} 52. Ke5 {[%emt 0:00:00]} Kb3 {[%emt 0:00:00]} 53. Kf6 {[%emt 0:00:00]} Kxb4 {[%emt 0:00:00]} 54. Kg7 {[%emt 0:00:00]} g5 {[%emt 0:00:01]} 55. Kxh7 {[%emt 0:00:00]} g4 {[%emt 0:00:00]} 56. Kg7 {[%emt 0:00:00]} g3 {[%emt 0:00:00]} 57. h7 {[%emt 0:00:00]} g2 {[%emt 0:00:00]} 58. h8=Q {[%emt 0:00:00]} g1=Q+ {[%emt 0:00:00]} 59. Kf7 {[%emt 0:00:00]} Qe1 {[%emt 0:00:01]} 60. Qh4+ {[%emt 0:00:02]} Qxh4 {[%emt 0:00:01]} 61. Ke6 {[%emt 0:00:00]} Qc4+ {[%emt 0:00:00]} 62. Ke7 {[%emt 0:00:01]} Kc3 {[%emt 0:00:00]} 63. Ke8 {[%emt 0:00:00]} b4 {[%emt 0:00:00]} 64. Ke7 {[%emt 0:00:00]} b3 {[%emt 0:00:00]} 65. Ke8 {[%emt 0:00:00]} b2 {[%emt 0:00:00]} 66. Ke7 {[%emt 0:00:00]} b1=Q {[%emt 0:00:00]} 67. Ke8 {[%emt 0:00:00]} Qbb4 {[%emt 0:00:00]} 68. Kd7 {[%emt 0:00:01]} Qbb5+ {[%emt 0:00:00]} 69. Kd8 {[%emt 0:00:00]} Qcc6 {[%emt 0:00:00]} 70. Ke7 {[%emt 0:00:01]} Qb8 {[%emt 0:00:00] Time Time Time (Lag: Av=0.50s, max=3.5s) (Lag: Av=0.50s, max=3.5s) (Lag: Av=0.50s, max=3.5s)} 0-1